| 000 | 00719nam a2200217Ia 4500 | ||
|---|---|---|---|
| 005 | 20220218160417.0 | ||
| 008 | 210716s2003 xx 000 0 und d | ||
| 020 | _a8173181252 | ||
| 040 | _cAIMIT LIBRARY | ||
| 041 | _aeng | ||
| 082 |
_a658.3 _21 _bRAOP |
||
| 100 |
_aRao, P Subba. _921151 |
||
| 245 |
_aEssentials of human resource management and industrial relations : _btext cases and games / _cBy P Subba Rao. |
||
| 250 | _a1st ed. | ||
| 260 |
_aHyderabad : _bHimalaya Publishing House ; _c2005 |
||
| 300 |
_a790p. ; _c23 cm. |
||
| 650 |
_aJob design job analysis _921152 |
||
| 650 |
_aSelection placement and industries _921153 |
||
| 650 |
_aIndustrial relations _921154 |
||
| 942 |
_2ddc _cBK _e1st _k658.3 RAOP |
||
| 999 |
_c203434 _d203434 |
||